| 000 | 01006nam a2200301 i 4500 | ||
|---|---|---|---|
| 001 | 106076 | ||
| 003 | ES-MaACL | ||
| 005 | 20251013063108.0 | ||
| 007 | t| | ||
| 008 | 060925s1979 fr ||||1| fre d | ||
| 020 | _a2264002220 | ||
| 040 | _cES-MaACL | ||
| 080 | _a329.285 | ||
| 100 | 1 |
_aMalatesta, Errico, _d1853-1932 _9242174 _eaut |
|
| 245 | 1 | 0 |
_aArticles politiques / _cErrico Malatesta ; textes traduits, réunis et présentés par Israël Renof. |
| 260 |
_aParis : _bUnion Générale d'Editions, _c[1979] |
||
| 300 |
_a438 páginas ; _c18 cm. |
||
| 490 | 1 |
_amonde en 10/18 ; _v1328 |
|
| 500 | _aBiblioteca Juan Andrade. | ||
| 650 | 7 |
_aAnarquismo _2embne _99783 |
|
| 700 | 1 |
_aRenof, Israël _996227 _etrl |
|
| 830 | 0 |
_amonde en 10/18 ; _v1328 _9177593 |
|
| 852 |
_aES-MaACL _jAND-838 _bR.110129 _9110091 _cDEPO2 |
||
| 903 |
_921511 _aAndrade, Juan, _d1897-1981 _ednr |
||
| 942 |
_cMONOGRAFIA _n0 |
||
| 999 |
_c106076 _d106076 |
||